01327nam a2200349Ia 4500001001200000003000800012006001900020007001500039008004100054010001700095020001500112020002200127040002100149035002000170050002300190082001500213100001900228245007800247260002700325300002400352504006400376533015200440650002200592650002500614650004000639650004400679650006500723655002900788710001700817856012600834999001700960ebr10076697CaPaEBRm u cr cn|||||||||010326s2001 enka sb 001 0 eng d z 2001269384 z0761963634 z0761963642 (pbk.) aCaPaEBRcCaPaEBR a(OCoLC)7925035714aHM500b.B35 2001eb04a300.722211 aBanks, Marcus.10aVisual methods in social researchh[electronic resource] /cMarcus Banks. aLondon :bSAGE,c2001. axvi, 201 p. :bill. aIncludes bibliographical references, filmography and index. aElectronic reproduction.bPalo Alto, Calif. :cebrary,d2009.nAvailable via World Wide Web.nAccess may be limited to ebrary affiliated libraries. 0aVisual sociology. 0aVisual anthropology. 0aPhotography in the social sciences. 0aSocial sciencesxResearchxMethodology. 0aSocial sciencesxResearchxElectronic information resources. 7aElectronic books.2local2 aebrary, Inc.40uhttp://site.ebrary.com/lib/rucke/Doc?id=10076697zAn electronic book accessible through the World Wide Web; click to view c53484d53484